| 000 | 00705nam a22001937a 4500 | ||
|---|---|---|---|
| 999 |
_c63986 _d63986 |
||
| 005 | 20260304123519.0 | ||
| 008 | 260304s2021 enk||||| |||| 00| 0 eng d | ||
| 020 | _a9781787383401x | ||
| 041 | _aeng | ||
| 080 | _a616.98(520) T-16 | ||
| 100 |
_aTakayama, Fumihiko _927043 |
||
| 245 |
_aThe Last and Longest Mile: _bYohei Sasakawa's Struggle to Eliminate Leprosy / _cFumihiko Takayama; Translated by W. Miller. |
||
| 264 |
_aLondon : _b Hurst, _c2021. |
||
| 300 |
_a268 p.: _bill.; _c24 cm. |
||
| 653 | _aიოჰეი სასაკავას ბრძოლა | ||
| 653 | _aიაპონია | ||
| 700 |
_aMiller, W. _eმთარგმნელი _927044 |
||
| 942 |
_2udc _cᲬᲘᲒᲜᲘ |
||